01477nam a2200373 i 450000500170000000700030001700800410002002000180006104000350007904100130011408400110012710000390013824501150017725000220029226400340031430000410034833600270038933700330041633800280044952100610047753400260053854500740056458600620063865000490070065000490074965000380079865000400083665000340087665000380091065000270094870000410097570000410101670000460105720220317002012.0ta201105s2018 ck a|||br|||| 00| jdspa d a9789583057090 aCO-BoRNBPbspacCO-BoRNBPerda1 aspahfre aC KIP11 aKipling, Rudyardd1865-1936eautor13aEl libro de la selva cRudyard Kipling ; ilustraciones Quentin Gréban ; traducción María Mercedes Correa aPrimera edición 1aBogotá bPanamericanac2018 a107 páginasbilustraciones c28 cm 2rdacontentatextobtxt 2rdamediaasin mediaciónbn 2rdacarrieravolumenbnc aRecomendado para un público infantil mayor de 6 años tLe livre de la jungle aIncluye datos biográficos del autor e ilustrador al final del texto aAutor galardonado con el Premio Nobel de Literatura, 1907172LEMBaCuentos infantiles inglesesySiglo XIX172LEMBaLiteratura infantil inglesaySiglo XIX172LEMBaAutores inglesesySiglo XIX172LEMBaAnimales de la selvavCuentos172LEMBaVida cotidianavCuentos172LEMBaNiños y animalesvCuentos172LEMBaAmistadvCuentos1 aGréban, Quentind1977-eilustrador1 aCorrea, María Mercedesetraductora1 aNoguera Arrieta, Luisa Margaritaeeditora